Societal Development and Minority Rights (Record no. 227686)
[ view plain ]
| 000 -LEADER | |
|---|---|
| fixed length control field | 01211nam a22002297a 4500 |
| 005 - DATE AND TIME OF LATEST TRANSACTION | |
| control field | 20230627151458.0 |
| 008 - FIXED-LENGTH DATA ELEMENTS--GENERAL INFORMATION | |
| fixed length control field | 230627b ||||| |||| 00| 0 eng d |
| 020 ## - INTERNATIONAL STANDARD BOOK NUMBER | |
| International Standard Book Number | 093286323X |
| 040 ## - CATALOGING SOURCE | |
| Transcribing agency | AL |
| 041 ## - LANGUAGE CODE | |
| Language code of text/sound track or separate title | English |
| 082 ## - DEWEY DECIMAL CLASSIFICATION NUMBER | |
| Edition number | 23 |
| Classification number | 323.1 |
| Item number | KLYS |
| 100 ## - MAIN ENTRY--PERSONAL NAME | |
| Personal name | Y N Kly |
| 100 ## - MAIN ENTRY--PERSONAL NAME | |
| 9 (RLIN) | 124949 |
| 245 ## - TITLE STATEMENT | |
| Title | Societal Development and Minority Rights |
| 260 ## - PUBLICATION, DISTRIBUTION, ETC. | |
| Place of publication, distribution, etc. | Atlanta |
| Name of publisher, distributor, etc. | Clarity Press Inc |
| Date of publication, distribution, etc. | 1997 |
| 300 ## - PHYSICAL DESCRIPTION | |
| Extent | 269 p. |
| Other physical details | PB |
| Dimensions | 21.5x14 cm. |
| 520 ## - SUMMARY, ETC. | |
| Summary, etc. | As advancing technology, environmental degradation and competitive globalization impress upon humanity the need for sustainable human-centered development, the way in which majority/minority relations are institutionalized within multinational states may be key to their societal development as a whole.<br/>In this lucid and compelling overview, international legal scholar Y. N. Kly examines the urgent international dialogue now taking place on how best to institutionalize the co-existence of dominant and nondominant ethnic groups within the same multinational state.<br/> |
| 650 ## - SUBJECT ADDED ENTRY--TOPICAL TERM | |
| Topical term or geographic name entry element | Cultural pluralism |
| 9 (RLIN) | 124950 |
| 650 ## - SUBJECT ADDED ENTRY--TOPICAL TERM | |
| Topical term or geographic name entry element | Minorities--Civil rights |
| 9 (RLIN) | 124951 |
| 650 ## - SUBJECT ADDED ENTRY--TOPICAL TERM | |
| Topical term or geographic name entry element | Minorities--Social conditions |
| 9 (RLIN) | 124952 |
| 700 ## - ADDED ENTRY--PERSONAL NAME | |
| Personal name | KLY (Y N) |
| 9 (RLIN) | 124953 |
| 942 ## - ADDED ENTRY ELEMENTS (KOHA) | |
| Source of classification or shelving scheme | Dewey Decimal Classification |
| Koha item type | Donated Books |
| Withdrawn status | Lost status | Source of classification or shelving scheme | Damaged status | Not for loan | Collection code | Home library | Current library | Date acquired | Total Checkouts | Full call number | Barcode | Date last seen | Price effective from | Koha item type | Public note |
|---|---|---|---|---|---|---|---|---|---|---|---|---|---|---|---|
| Dewey Decimal Classification | Political Science | St Aloysius Library | St Aloysius Library | 06/24/2023 | 323.1 KLYS | D05969 | 06/27/2023 | 06/27/2023 | Donated Books | Donated by V.T. Rajshekar |